000 00778nam a22002777a 4500
001 BR0906147
003 BR-BrBNA
005 20230928103110.0
007 ta
008 230509b bl.||||| |||| 00| 0 por d
040 _aBR-BrBNA
_bpor
_cBiblioteca Nacional de Agricultura
041 _a(Por)
072 _aE14
090 _ E14 BR0906147
110 1 _aSenado Federal, Brasília, DF (Brasil). Comissão de Agricultura e Reforma Agrária
_99271
245 1 _aRelatorio de atividades 2007/2008
260 3 _aBrasília, DF (Brasil):
_c2008.
300 _a140 p.
650 _aAGRICULTURA
650 _aCRÉDITO RURAL
650 _aAQUICULTURA
650 _aTRABALHADOR RURAL
650 _aAPOSENTADORIA RURAL
909 _a202309
_bLucia
_c55
_dLucia Elande
942 _cBK
999 _c73715
_d73715